[Event "USA-ch Seniors 2019"]
[Site "Saint Louis"]
[Date "2019.07.13"]
[Round "3.2"]
[White "Yermolinsky, Alex"]
[Black "Christiansen, Larry"]
[Result "1-0"]
[WhiteElo "2504"]
[BlackElo "2574"]
[Annotator "RC"]
[PlyCount "91"]
[EventDate "2019.07.09"]
[EventType "tourn"]
[EventCountry "USA"]
[SourceTitle "playchess.com"]
[Source "ChessBase"]
[SourceQuality "1"]
[TimeControl "40/5400+30:1800+30"]

1. d4 {[%emt 0:00:00]} e6 {[%emt 0:00:42]} 2. c4 {[%emt 0:01:58]} b6 {[%emt 0:00:52]} 3. Nf3 {[%emt 0:02:27]} Bb7 {[%emt 0:01:08]} 4. Nc3 {[%emt 0:00:51]} Bb4 {[%emt 0:03:27]} 5. Bg5 {[%emt 0:00:09]} Ne7 {[%emt 0:00:48]} 6. e3 {[%emt 0:02:33]} f6 {[%emt 0:09:40]} 7. Bf4 {[%emt 0:02:28]} Bxc3+ {[%emt 0:00:33]} 8. bxc3 {[%emt 0:00:06]} d6 {[%emt 0:00:12]} 9. Qc2 {[%emt 0:01:19]} g5 {[%emt 0:09:29]} 10. Bg3 {[%emt 0:00:28]} Qd7 {[%emt 0:01:10]} 11. c5 {[%emt 0:04:30]} Nbc6 {[%emt 0:03:03]} 12. cxd6 {[%emt 0:02:26]} cxd6 {[%emt 0:00:06]} 13. Nd2 {[%emt 0:00:42]} Nf5 {[%emt 0:05:55]} 14. Be2 {[%emt 0:22:22]} O-O-O {[%emt 0:17:33]} 15. e4 {[%emt 0:06:45]} Nxg3 {[%emt 0:00:56]} 16. fxg3 {[%emt 0:00:09]} Kb8 {[%emt 0:02:09]} 17. O-O {[%emt 0:00:16]} Rhf8 {[%emt 0:00:17]} 18. Rf2 {[%emt 0:05:41]} Qc7 {[%emt 0:03:39]} 19. Qd3 {[%emt 0:05:01]} Ne7 {[%emt 0:12:15]} 20. Raf1 {[%emt 0:05:27]} f5 {[%emt 0:00:23]} 21. exf5 {[%emt 0:01:47]} exf5 {[%emt 0:00:41]} 22. Bf3 {[%emt 0:05:25]} d5 {[%emt 0:01:13]} 23. Bd1 {[%emt 0:04:51]} h6 {[%emt 0:03:24]} 24. Re1 {[%emt 0:02:29]} Rf6 {[%emt 0:04:19]} 25. Ba4 {[%emt 0:01:43]} Bc6 {[%emt 0:05:08]} 26. Bb3 {[%emt 0:02:00]} Bb7 {[%emt 0:04:29]} 27. Rfe2 {[%emt 0:04:30]} Nc8 {[%emt 0:00:15]} 28. Re5 {[%emt 0:03:41]} f4 {[%emt 0:01:20]} 29. gxf4 {[%emt 0:01:08]} gxf4 {[%emt 0:00:45]} 30. Nf3 {[%emt 0:01:26]} Qg7 {[%emt 0:00:58]} 31. Qd2 {[%emt 0:01:33]} Rf7 {[%emt 0:01:46]} 32. Re8 {[%emt 0:01:50]} Rxe8 {[%emt 0:00:31]} 33. Rxe8 {[%emt 0:00:05]} Bc6 {[%emt 0:00:05]} 34. Re6 {[%emt 0:00:45]} Bd7 {[%emt 0:00:41]} 35. Re1 {[%emt 0:00:52]} Rf5 {[%emt 0:03:10]} 36. Re5 {[%emt 0:01:32]} Rf6 {[%emt 0:01:40]} 37. Bxd5 {[%emt 0:00:34]} Nd6 {[%emt 0:00:12]} 38. c4 {[%emt 0:02:33]} Bh3 {[%emt 0:00:57]} 39. Kf1 {[%emt 0:01:38]} Bg4 {[%emt 0:00:50]} 40. c5 {[%emt 0:00:00]} Bxf3 {[%emt 0:00:00]} 41. Bxf3 {[%emt 0:05:38]} Nc4 {[%emt 0:00:57]} 42. Re8+ {[%emt 0:01:15]} Kc7 {[%emt 0:00:04]} 43. cxb6+ {[%emt 0:05:17]} Kd7 {[%emt 0:00:52]} 44. Qe2 {[%emt 0:01:28]} Ne3+ {[%emt 0:01:09]} 45. Rxe3 {[%emt 0:00:32]} fxe3 {[%emt 0:00:17]} 46. bxa7 {[%emt 0:01:19]} 1-0

[Event "USA-ch Seniors 2019"]
[Site "Saint Louis"]
[Date "2019.07.13"]
[Round "3.3"]
[White "Fishbein, Alexander"]
[Black "Benjamin, Joel"]
[Result "1/2-1/2"]
[WhiteElo "2432"]
[BlackElo "2524"]
[Annotator "RC"]
[PlyCount "137"]
[EventDate "2019.07.09"]
[EventType "tourn"]
[EventCountry "USA"]
[SourceTitle "playchess.com"]
[Source "ChessBase"]
[SourceQuality "1"]
[TimeControl "40/5400+30:1800+30"]

1. e4 {[%emt 0:00:00]} e5 {[%emt 0:00:00]} 2. Nf3 {[%emt 0:00:00]} Nc6 {[%emt 0:00:00]} 3. Bb5 {[%emt 0:00:00]} a6 {[%emt 0:00:00]} 4. Ba4 {[%emt 0:00:00]} Nf6 {[%emt 0:00:02]} 5. O-O {[%emt 0:00:00]} Be7 {[%emt 0:00:05]} 6. Bxc6 {[%emt 0:00:24]} dxc6 {[%emt 0:00:09]} 7. d3 {[%emt 0:00:15]} Nd7 {[%emt 0:08:45]} 8. Nbd2 {[%emt 0:00:30]} O-O {[%emt 0:01:57]} 9. Nc4 {[%emt 0:00:13]} f6 {[%emt 0:07:04]} 10. Nh4 {[%emt 0:00:41]} Nb6 {[%emt 0:06:26]} 11. Na5 {[%emt 0:12:38]} Bb4 {[%emt 0:04:02]} 12. Bd2 {[%emt 0:02:15]} Bxa5 {[%emt 0:00:35]} 13. Bxa5 {[%emt 0:00:04]} Be6 {[%emt 0:00:13]} 14. Qd2 {[%emt 0:09:30]} g5 {[%emt 0:10:45]} 15. Nf3 {[%emt 0:02:00]} c5 {[%emt 0:00:37]} 16. b3 {[%emt 0:05:22]} Qe7 {[%emt 0:09:56]} 17. Qc1 {[%emt 0:05:53]} Nc8 {[%emt 0:03:56]} 18. Bd2 {[%emt 0:05:18]} Bg4 {[%emt 0:05:50]} 19. Qd1 {[%emt 0:11:49]} Na7 {[%emt 0:01:24]} 20. h3 {[%emt 0:02:10]} Bh5 {[%emt 0:01:31]} 21. g4 {[%emt 0:01:04]} Bf7 {[%emt 0:00:53]} 22. h4 {[%emt 0:00:38]} Be6 {[%emt 0:02:43]} 23. Nh2 {[%emt 0:01:50]} gxh4 {[%emt 0:07:20]} 24. f4 {[%emt 0:04:07]} exf4 {[%emt 0:00:33]} 25. Rxf4 {[%emt 0:02:12]} Rf7 {[%emt 0:05:30]} 26. Qe1 {[%emt 0:01:47]} Nc6 {[%emt 0:04:10]} 27. Bc3 {[%emt 0:02:33]} Ne5 {[%emt 0:01:37]} 28. Qf2 {[%emt 0:05:25]} Raf8 {[%emt 0:08:43]} 29. Rf1 {[%emt 0:00:29]} Qd6 {[%emt 0:01:25]} 30. Kh1 {[%emt 0:02:14]} b6 {[%emt 0:01:17]} 31. Qe3 {[%emt 0:12:08]} a5 {[%emt 0:02:14]} 32. R4f2 {[%emt 0:02:05]} Bc8 {[%emt 0:02:31]} 33. Qh6 {[%emt 0:00:39]} Ng6 {[%emt 0:00:51]} 34. g5 {[%emt 0:04:55]} fxg5 {[%emt 0:00:51]} 35. Rxf7 {[%emt 0:00:17]} Rxf7 {[%emt 0:00:02]} 36. Rxf7 {[%emt 0:00:07]} Kxf7 {[%emt 0:00:03]} 37. Qxh7+ {[%emt 0:00:20]} Ke8 {[%emt 0:00:28]} 38. Qg8+ {[%emt 0:00:35]} Nf8 {[%emt 0:02:34]} 39. Qxg5 {[%emt 0:00:51]} Qg3 {[%emt 0:01:04]} 40. Qxg3 {[%emt 0:00:00]} hxg3 {[%emt 0:00:00]} 41. Nf1 {[%emt 0:02:34]} Bg4 {[%emt 0:07:45]} 42. Kg2 {[%emt 0:00:48]} Ne6 {[%emt 0:00:24]} 43. Kxg3 {[%emt 0:01:16]} Bh5 {[%emt 0:00:10]} 44. Ne3 {[%emt 0:00:38]} Kd7 {[%emt 0:02:18]} 45. Kf2 {[%emt 0:02:28]} Kd6 {[%emt 0:02:06]} 46. Bf6 {[%emt 0:02:17]} Kd7 {[%emt 0:02:29]} 47. Ke1 {[%emt 0:00:43]} Kd6 {[%emt 0:02:06]} 48. Kd2 {[%emt 0:00:34]} Kd7 {[%emt 0:00:05]} 49. Nc4 {[%emt 0:00:52]} Kc8 {[%emt 0:01:48]} 50. c3 {[%emt 0:01:10]} Be8 {[%emt 0:00:31]} 51. d4 {[%emt 0:01:29]} cxd4 {[%emt 0:00:06]} 52. cxd4 {[%emt 0:00:07]} a4 {[%emt 0:00:34]} 53. b4 {[%emt 0:00:20]} b5 {[%emt 0:01:15]} 54. Nb2 {[%emt 0:02:51]} c6 {[%emt 0:02:57]} 55. a3 {[%emt 0:00:09]} Nf8 {[%emt 0:00:57]} 56. Nd3 {[%emt 0:10:32]} Nd7 {[%emt 0:01:09]} 57. Bg5 {[%emt 0:00:13]} Bg6 {[%emt 0:03:40]} 58. Ke3 {[%emt 0:06:48]} Nb6 {[%emt 0:03:54]} 59. Kf3 {[%emt 0:00:20]} Nc4 {[%emt 0:00:25]} 60. Bc1 {[%emt 0:00:05]} Kd7 {[%emt 0:00:39]} 61. Kf4 {[%emt 0:00:57]} Ke7 {[%emt 0:00:27]} 62. Nc5 {[%emt 0:00:44]} Kf6 {[%emt 0:01:23]} 63. Kg4 {[%emt 0:01:57]} Be8 {[%emt 0:02:00]} 64. e5+ {[%emt 0:04:48]} Kg6 {[%emt 0:00:12]} 65. e6 {[%emt 0:00:49]} Kf6 {[%emt 0:01:34]} 66. Bg5+ {[%emt 0:00:11]} Kg7 {[%emt 0:00:36]} 67. Bc1 {[%emt 0:00:52]} Kf6 {[%emt 0:00:06]} 68. Bg5+ {[%emt 0:00:54]} Kg7 {[%emt 0:00:03]} 69. Bc1 {[%emt 0:00:39]} 1/2-1/2

[Event "USA-ch Seniors 2019"]
[Site "Saint Louis"]
[Date "2019.07.13"]
[Round "3.4"]
[White "Shabalov, Alexander"]
[Black "Novikov, Igor"]
[Result "1-0"]
[WhiteElo "2500"]
[BlackElo "2556"]
[Annotator "TA"]
[PlyCount "33"]
[EventDate "2019.07.09"]
[EventType "tourn"]
[EventCountry "USA"]
[SourceTitle "playchess.com"]
[Source "ChessBase"]
[SourceQuality "1"]

{[%evp 18,81,7,-2,36,41,43,47,67,54,21,0,-8,-3,86,52,73,0,2,0,0,0,0,0,0,0,8,6,0,0,111,112,117,109,105,105,151,138,133,116,189,193,945,263,781,719,657,0,487,457,450,450,450,445,403,431,422,419,409,365,452,436,445,428,444,441]} 1. e4 c5 2. Nf3 d6 3. d4 cxd4 4. Nxd4 Nf6 5. Nc3 a6 6. Be3 e6 7. f3 b5 8. g4 h6 9. Qd2 Nbd7 10. O-O-O b4 {B80: Sicilian Scheveningen: 6 g3 and 6 Be3, including English Attack} 11. Na4 d5 (11... Ne5 12. Kb1 Bd7 13. b3 Bxa4 14. bxa4 Qc7 15. Be2 Be7 16. h4 Nc4 17. Bxc4 Qxc4 18. Qd3 {1-0 (49) Caruana,F (2802)-Hou,Y (2652) chess.com INT 2017}) 12. exd5 Nxd5 {White is slightly better.} 13. Bc4 $1 {[%cal Rc4d5] Threatens to win with Bxd5.} N7f6 14. g5 hxg5 $1 15. Bxg5 Bb7 $146 (15... Qc7 $1 $11 16. b3 Bd7) ({Predecessor:} 15... Qc7 16. Qe2 Nf4 17. Bxf4 Qxf4+ {½-½ (28) FeBland,J (2217)-Nenciulescu,S (2093) IECG email 2006}) 16. Qe2 Be7 17. Rhe1 {Played: Nd4-f5} 1-0

[Event "USA-ch Seniors 2019"]
[Site "Saint Louis"]
[Date "2019.07.13"]
[Round "3.5"]
[White "Kaidanov, Gregory"]
[Black "Dlugy, Maxim"]
[Result "1/2-1/2"]
[WhiteElo "2544"]
[BlackElo "2518"]
[Annotator "TA"]
[PlyCount "80"]
[EventDate "2019.07.09"]
[EventType "tourn"]
[EventCountry "USA"]
[SourceTitle "playchess.com"]
[Source "ChessBase"]
[SourceQuality "1"]

{[%evp 23,80,-12,-7,-22,0,0,15,0,0,6,115,34,97,100,112,104,100,110,100,100,100,86,108,85,98,66,80,93,135,147,180,169,178,166,139,153,163,18,17,10,10,10,10,10,13,10,12,0,0,0,0,0,0,0,0,0,0,0,0]} 1. Nf3 d5 2. g3 c6 3. Bg2 Bf5 4. O-O h6 5. d3 e6 6. b3 Nf6 7. Bb2 Be7 8. c4 O-O 9. Nbd2 Nbd7 10. a3 a5 11. Qc2 Bh7 12. Bc3 Bd6 13. b4 {A12: English Opening: 1...c6 with b3 by White} (13. Qb2 e5 14. cxd5 cxd5 15. d4 e4 16. Ne5 Re8 17. Rfd1 Rc8 18. Rac1 Rxc3 19. Qxc3 Nxe5 20. dxe5 Bxe5 {0-1 (37) Bajarani,U (2546)-Matlakov,M (2689) Skopje 2015}) 13... axb4 14. axb4 Qe7 15. c5 Bc7 16. Rfe1 b6 $146 {[#]} (16... e5 $11) ({Predecessor:} 16... e5 17. e4 dxe4 18. dxe4 Nd5 19. Nh4 b6 20. Rxa8 Rxa8 {½-½ (29) Gloor,R (2289)-Friedrich,N (2308) Switzerland 2011}) 17. Bxf6 (17. Nd4 $1 $16) 17... Nxf6 ({Black should try} 17... Qxf6 $14 18. Rxa8 Rxa8) 18. Nd4 $16 Qd7 19. Rxa8 Rxa8 20. cxb6 Bxb6 21. Nxc6 Ng4 22. Rf1 Qb7 23. Nb3 Kh8 24. h3 Rc8 25. hxg4 Rxc6 26. Nc5 Ba7 27. Qc3 ({Resist} 27. Nxb7 $6 Rxc2 28. Ra1 Bb6 $16) 27... Qb5 {[%cal Ra7c5]} 28. Rc1 Rb6 29. Ra1 Bb8 30. Bf1 (30. Ra4 $18) 30... Qxb4 $11 {The position is equal.} 31. Qxb4 Rxb4 32. Ra8 {[#] Na6 is the strong threat.} Bg8 $1 33. Na6 Ra4 34. Rxb8 {Hoping for Nc5.} Rxa6 {[%mdl 4096] Endgame KRB-KRB} 35. d4 g5 36. e3 Ra3 37. Be2 Kg7 38. Kg2 Bh7 39. Rb2 Rc3 40. Rd2 Bc2 {Accuracy: White = 67%, Black = 31%.} 1/2-1/2

[Event "USA-ch Seniors 2019"]
[Site "Saint Louis"]
[Date "2019.07.14"]
[Round "4.1"]
[White "Ehlvest, Jaan"]
[Black "Dlugy, Maxim"]
[Result "1-0"]
[WhiteElo "2515"]
[BlackElo "2518"]
[Annotator "TA"]
[PlyCount "75"]
[EventDate "2019.07.09"]
[EventType "tourn"]
[EventCountry "USA"]
[SourceTitle "playchess.com"]
[Source "ChessBase"]
[SourceQuality "1"]

{[%evp 19,97,13,24,20,17,-7,39,25,45,53,55,47,62,47,57,48,54,40,58,65,49,3,16,0,22,23,100,91,97,96,193,134,114,89,51,0,148,141,135,121,131,125,98,111,171,94,208,209,1400,282,526,514,1585,1506,1492,0,4,0,1115,394,496,484,459,461,425,231,29979,29980,29970,29968,29983,29984,29984,29985,29985,29986,29989,29990,29992,29993]} 1. c4 c5 2. Nf3 Nc6 3. Nc3 g6 4. e3 Nf6 5. d4 cxd4 6. exd4 d5 7. cxd5 Nxd5 8. Qb3 e6 9. Bc4 Nxc3 10. bxc3 Bg7 11. Ba3 {A35: Symmetrical English: 2 Nc3 Nc6 3 Nf3} Bf8 (11... Na5 12. Bb5+ Bd7 13. Qa4 Nc6 14. Qb3 Na5 15. Qb4 b6 16. Ne5 Bxe5 17. dxe5 Bxb5 18. Qxb5+ Qd7 19. Qxd7+ Kxd7 {½-½ (31) Bluebaum,M (2643)-Lupulescu,C (2620) Germany 2018}) 12. O-O Bxa3 (12... Na5 $5 {[%cal Ra5b3]} 13. Bb5+ Bd7 $11) 13. Qxa3 {White is slightly better.} Qe7 14. Qc1 O-O 15. Qh6 Na5 16. Bd3 b6 $146 ({Predecessor:} 16... Bd7 17. Rfe1 f6 18. c4 Qg7 {1-0 (40) Lagno,K (2239)-Gilbert,J (2066) Chalkidiki 2001}) 17. Rae1 f6 18. Nd2 Bd7 19. Re3 Rac8 20. c4 Qg7 21. Qh4 f5 22. Rfe1 Qf6 (22... g5 $11 23. Qh5 Be8) 23. Qf4 $1 $16 Rfd8 24. h4 Bc6 (24... Nc6 $16) 25. Re5 ({White should play} 25. Nf3 $18) 25... Rd6 26. d5 exd5 27. Re7 ({White should try} 27. Nf3 $1 $14) 27... Rd7 (27... dxc4 $11 28. Bxc4+ Nxc4) 28. Rxd7 Bxd7 29. cxd5 b5 30. Nf3 Nc4 31. h5 gxh5 {[#]} (31... Nb6 $16) 32. Nd4 ({Better is} 32. Bxc4 $1 $18 Rxc4 33. Qb8+ Rc8 34. Qxa7) 32... Qd6 {[#]} (32... Kh8 $16) 33. Qh4 $1 $18 Re8 $2 (33... Rf8 34. Re7 (34. Qxh5 Qg6 $16) 34... Rf7 35. Rxf7 Kxf7 36. Qxh5+ (36. Bxf5 Qxd5 37. Bxd7 Qxd7 $16) 36... Qg6) 34. Ne6 $2 (34. Rxe8+ Bxe8 35. Bxf5) 34... Bxe6 $2 (34... Qe7 {was necessary.} 35. Qxh5 Qf7 36. Qg5+ (36. Qxf5 Qxf5 37. Bxf5 Nd6 $16) 36... Kh8 37. Bxf5 Rg8) 35. Qg5+ {[%mdl 64] Double Attack} ({Less strong is} 35. dxe6 Rxe6 36. Qg5+ (36. Bxc4 bxc4 37. Qxc4 Kf7 $11) 36... Kh8 $14) 35... Kh8 (35... Kf8 $142) 36. Qf6+ {[%mdl 64] Double Attack, Pin} Kg8 37. Qg5+ $2 (37. Bxf5 $18 {[%cal Re1e6]} Qf8 38. Bxe6+ Rxe6 39. Qxe6+ Qf7 40. Qc6) 37... Kh8 $11 38. dxe6 {Played: Qg5-f6} 1-0

[Event "USA-ch Seniors 2019"]
[Site "Saint Louis"]
[Date "2019.07.14"]
[Round "4.2"]
[White "Novikov, Igor"]
[Black "Kaidanov, Gregory"]
[Result "1/2-1/2"]
[WhiteElo "2556"]
[BlackElo "2544"]
[Annotator "TA"]
[PlyCount "69"]
[EventDate "2019.07.09"]
[EventType "tourn"]
[EventCountry "USA"]
[SourceTitle "playchess.com"]
[Source "ChessBase"]
[SourceQuality "1"]

{[%evp 19,69,-20,0,-7,0,0,0,0,0,0,0,0,0,-4,-10,-10,-1,-2,0,0,0,0,0,0,0,-8,0,0,0,0,0,0,0,0,0,0,0,0,0,0,0,0,0,0,0,0,0,0,0,0,0,0]} 1. d4 d5 2. c4 e6 3. Nf3 Nf6 4. Nc3 c6 5. cxd5 exd5 6. Qc2 Be7 7. Bg5 g6 8. e4 dxe4 9. Bxf6 Bxf6 10. Qxe4+ Kf8 {The position is equal.} 11. Bc4 {D36: Queen's Gambit Declined: Exchange Variation: Main line (5 Bg5 c6 6 Qc2)} Kg7 12. O-O (12. Ne5 Bf5 13. Qe3 Re8 14. f4 c5 15. O-O-O Nc6 16. dxc5 Rxe5 17. fxe5 Bg5 18. Rxd8 Bxe3+ 19. Rd2 Nxe5 20. Bb5 a6 {0-1 (20) Tsydypov,Z (2551)-Arnaudov,P (2462) Skopje 2019}) 12... Re8 13. Qf4 Be6 14. Bxe6 Rxe6 15. Rfe1 {Threatens to win with Rxe6.} Qd6 16. Qd2 Na6 17. Rxe6 $146 ({Predecessor:} 17. Ne4 Qd7 18. Nxf6 Rxf6 {1-0 (49) Cech,P (2416)-Ostergaard,R (2184) Copenhagen 2005}) 17... Qxe6 18. Re1 $132 {[%mdl 2048] White is not holding back} Qf5 19. Ne4 Re8 20. Nd6 Rxe1+ 21. Qxe1 Qf4 22. Nxb7 Bxd4 23. Nxd4 Qxd4 24. Qc3 Qxc3 25. bxc3 $11 {[%mdl 4096] Endgame KN-KN} Nc7 26. Kf1 Kf6 27. Ke2 Ke7 28. Kd3 Ne6 29. Ke4 f6 30. f4 Ng7 31. g3 Kd7 32. Nc5+ Kd6 33. Nb7+ Kc7 34. Nc5 Kd6 35. Nb7+ {Accuracy: White = 80%, Black = 94%.} 1/2-1/2

[Event "USA-ch Seniors 2019"]
[Site "Saint Louis"]
[Date "2019.07.14"]
[Round "4.3"]
[White "Benjamin, Joel"]
[Black "Shabalov, Alexander"]
[Result "1/2-1/2"]
[WhiteElo "2524"]
[BlackElo "2500"]
[Annotator "TA"]
[PlyCount "109"]
[EventDate "2019.07.09"]
[EventType "tourn"]
[EventCountry "USA"]
[SourceTitle "playchess.com"]
[Source "ChessBase"]
[SourceQuality "1"]

{[%evp 13,109,41,34,29,48,36,41,28,35,15,73,59,77,61,102,104,126,66,106,100,147,135,110,112,120,132,123,118,121,35,237,218,200,200,297,297,297,282,282,275,275,271,270,237,271,0,0,0,254,236,227,0,0,0,237,230,216,208,171,58,45,35,37,35,33,46,38,38,64,64,50,28,58,8,3,8,0,0,0,0,0,0,0,0,0,0,0,0,0,0,400,0,0,0,0,0,0,0]} 1. e4 e5 2. Nf3 Nc6 3. Bb5 a6 4. Ba4 Nf6 5. O-O Bc5 6. c3 O-O 7. d4 Ba7 8. Bg5 {C78: Ruy Lopez: Archangelsk and Möller Defences} (8. dxe5 Nxe4 9. Bc2 d5 10. exd6 Nxd6 11. Bg5 f6 12. Bf4 g5 13. Bxd6 Qxd6 14. Qxd6 cxd6 15. Nbd2 g4 {0-1 (73) Vallejo Pons,F (2693)-Carlsen,M (2845) Karlsruhe/Baden Baden 2019}) 8... h6 9. Bh4 $1 exd4 10. e5 {White is slightly better.} g5 11. Bxc6 $1 gxh4 ({Avoid the trap} 11... bxc6 $2 12. Nxg5 Ne4 13. Nxe4 $18) (11... dxc3 $11 12. Nxc3 dxc6) 12. Ba4 $16 {Threatens to win with Bc2.} Ne4 13. cxd4 d5 14. Nc3 h3 $146 ({Predecessor:} 14... Bg4 15. Bc2 Nxc3 16. bxc3 {1-0 (27) Sprenger,J (2486)-Beerdsen,T (2460) Porto Carras 2018}) 15. g3 (15. Re1 $16) 15... Be6 16. Bc2 f5 17. Ne2 f4 18. Nxf4 Rxf4 19. gxf4 Qf8 20. Kh1 $1 Qxf4 21. Rg1+ ({Better is} 21. Bxe4 $1 $16 dxe4 22. Rg1+ Kf7 23. d5 Qxf3+ 24. Qxf3+ exf3 25. dxe6+ Kxe6 26. Rg3) 21... Kh8 $2 (21... Bg4 $1 $14 22. Bxe4 Qxe4) 22. Bxe4 $1 $18 {[%mdl 64] Overworked Piece} Qxe4 23. Rg3 Rg8 (23... Bg4 $142) 24. Qd2 Rxg3 {[%cal Re4f3]} 25. Qxh6+ {[%mdl 64] Double Attack} Kg8 {[%cal Re4f3]} 26. Qxe6+ Kh7 {[%cal Re4f3]} 27. Qf7+ $1 {[%mdl 64] Double Attack} ({Weaker is} 27. Qd7+ Kh8 $16) 27... Rg7 28. Qh5+ {[%mdl 64] Double Attack} Kg8 29. Qe8+ ({Not} 29. Qxh3 Bxd4 30. Re1 Qg4 $16) 29... Kh7 {[%cal Re4f3]} 30. Qh5+ {[%mdl 64] Double Attack} Kg8 31. Qxh3 Bxd4 32. Qe6+ Kh7 {[%cal Re4f3]} 33. Qh3+ Kg8 34. Re1 Qg4 35. Qxg4 Rxg4 {[%mdl 4096] Endgame [#] KRB-KRN} 36. Re2 (36. h3 $1 $18 {[%cal Rh3g4]} Rf4 37. Nxd4 Rxd4 38. Kg2) 36... Ba7 37. e6 {e7 would kill now.} Kf8 38. Ne5 Rg7 39. h4 Ke7 40. h5 Kxe6 41. Nc6+ $1 Kd7 42. Nxa7 $14 {f4 is the strong threat. KRN-KR} Rg5 43. f4 (43. f3 {looks sharper.} Rxh5+ 44. Rh2 Re5 45. b4 Re8 46. b5) 43... Rxh5+ 44. Kg2 Rh8 45. Kf3 Ra8 46. f5 Rxa7 $11 {KR-KR} 47. f6 Ra8 48. Re7+ Kd6 {Strongly threatening ...Rf8.} 49. Kf4 Rh8 50. Re2 d4 51. Kf5 d3 $2 {[%mdl 8192] [#]} (51... Rf8 $11 {and Black is okay.}) 52. Re6+ $2 (52. Re3 $1 $18) 52... Kc5 {White must now prevent ...d2.The position is equal.} 53. Re5+ $1 Kd4 54. Re4+ Kd5 {aiming for ...d2.} 55. Re5+ {Accuracy: White = 62%, Black = 55%.} 1/2-1/2

[Event "USA-ch Seniors 2019"]
[Site "Saint Louis"]
[Date "2019.07.14"]
[Round "4.4"]
[White "Christiansen, Larry"]
[Black "Fishbein, Alexander"]
[Result "1/2-1/2"]
[WhiteElo "2574"]
[BlackElo "2432"]
[Annotator "TA"]
[PlyCount "61"]
[EventDate "2019.07.09"]
[EventType "tourn"]
[EventCountry "USA"]
[SourceTitle "playchess.com"]
[Source "ChessBase"]
[SourceQuality "1"]

{[%evp 25,61,0,0,-6,-4,4,11,9,17,8,54,45,58,42,42,42,47,41,53,3,9,0,9,0,0,-62,4,-14,4,0,4,0,0,-26,0,-62,3,-41]} 1. d4 Nf6 2. c4 e6 3. Nf3 Bb4+ 4. Nc3 b6 5. Bg5 Bb7 6. e3 h6 7. Bh4 Bxc3+ 8. bxc3 d6 9. Nd2 Qe7 10. f3 Nbd7 11. Bd3 e5 12. e4 g5 13. Bf2 Nh5 14. g3 {E13: Queen's Indian/Nimzo-Indian hybrid: 4 Nc3 Bb7 5 Bg5 h6 6 Bh4 Bb4} (14. Nf1 f5 15. Ne3 fxe4 16. fxe4 Nf4 17. d5 O-O-O 18. Bc2 Rdf8 19. g3 Nh3 20. Nf5 Rxf5 21. exf5 Nxf2 22. Kxf2 {1-0 (47) Bacrot,E (2645)-Sokolov,A (2554) Aix les Bains 2003}) 14... f5 15. Qe2 f4 16. g4 Nhf6 17. h4 O-O $146 ({Predecessor:} 17... gxh4 18. Rxh4 O-O-O 19. O-O-O Rh7 20. Rdh1 Rdh8 21. Qd1 Nf8 {0-1 (40) Van Gaalen,B-Grooten,H (2305) Eindhoven 1986}) 18. O-O-O Kg7 19. Rh3 Rh8 20. Rdh1 c5 21. Bg1 Rh7 22. d5 Rah8 23. Bf2 Nf8 24. Bc2 Bc8 25. Qd1 (25. Rg1 $11) 25... Bd7 (25... h5 $1 $15 26. hxg5 Nxg4 27. fxg4 hxg4 28. Rxh7+ Rxh7) 26. R3h2 Ng6 27. Kb2 Rb8 28. Ka1 Rhh8 29. Bd3 Ra8 30. Nb1 (30. h5 $11 Nf8 31. Bc2) 30... Rab8 ({Much weaker is} 30... Nxh4 $6 31. Bxh4 gxh4 32. Rxh4 $11) ({Reject} 30... gxh4 $6 31. Qg1 $11) (30... h5 $15) 31. Be1 {Accuracy: White = 24%, Black = 48%.} 1/2-1/2

[Event "USA-ch Seniors 2019"]
[Site "Saint Louis"]
[Date "2019.07.14"]
[Round "4.5"]
[White "Goldin, Alexander"]
[Black "Yermolinsky, Alex"]
[Result "1-0"]
[WhiteElo "2540"]
[BlackElo "2504"]
[Annotator "TA"]
[PlyCount "95"]
[EventDate "2019.07.09"]
[EventType "tourn"]
[EventCountry "USA"]
[SourceTitle "playchess.com"]
[Source "ChessBase"]
[SourceQuality "1"]

{[%evp 18,95,16,4,12,0,0,0,0,0,0,0,0,0,12,5,16,12,12,0,50,43,40,49,41,49,43,38,114,114,112,109,111,116,109,91,137,113,125,99,100,100,100,104,104,102,156,156,150,130,163,129,131,131,840,819,795,761,798,743,799,758,717,564,5224,4779,4636,4643,2887,2245,1902,910,29975,29976,29985,29986,29986,29987,29987,29988]} 1. d4 Nf6 2. Nf3 e6 3. e3 b6 4. Bd3 Bb7 5. O-O Be7 6. b3 O-O 7. Bb2 c5 8. Nbd2 Nc6 9. a3 Rc8 10. Qe2 d5 {A47: 1 d4 Nf6 2 Nf3 b6: Torre, London and Colle Systems} 11. dxc5 bxc5 12. c4 Re8 $146 {The position is equal.} ({Predecessor:} 12... Qb6 13. e4 dxe4 14. Nxe4 Nxe4 15. Qxe4 g6 16. Qe3 Rfd8 17. Be4 a5 18. Rab1 {1-0 (29) Lazic,M (2485)-Krivokapic,M (2338) Vrnjacka Banja 2005}) 13. Rfe1 Bf8 14. Rad1 g6 15. cxd5 exd5 16. Ba6 Rb8 17. Bxb7 Rxb7 18. Qd3 $36 {[%mdl 2048] White is pushing.} Bg7 19. Rc1 Ne4 20. Bxg7 Kxg7 21. Nxe4 dxe4 22. Qc3+ Qf6 (22... Kg8 $14 23. Red1 Qe7) 23. Qxf6+ $16 Kxf6 24. Rxc5 exf3 25. Rxc6+ Re6 26. Rxe6+ (26. Rc3 {seems wilder.} fxg2 27. Rd1 Re5 28. Rd4 a5 29. a4) 26... fxe6 {[%mdl 4096] Endgame KR-KR} 27. b4 ({Much worse is} 27. gxf3 $6 Rxb3 28. Ra1 e5 $11) 27... fxg2 28. Rc1 a5 29. Rc4 ({Much weaker is} 29. Kxg2 $6 axb4 30. axb4 Rxb4 $11) 29... axb4 30. axb4 Ra7 31. Kxg2 Ra2 (31... Rb7 $142) 32. Rc8 Rb2 33. Rb8 e5 34. b5 {[%cal Bb4b5,Bb5b6,Bb6b7][%mdl 32]} Kg5 35. Kg3 e4 $2 {[%mdl 8192]} (35... Rb1 $16 36. b6 Rb2 37. h4+ Kh6) 36. h4+ Kh5 {[#]} 37. b6 $1 Rb4 38. Rb7 {[%cal Rb7h7]} h6 39. Rb8 Rb2 40. b7 Rb4 41. f3 exf3 42. e4 $1 f2 43. Kxf2 Kxh4 44. e5 (44. Ke3 $142 Rb5 45. Kd4) 44... g5 45. e6 {White mates.} g4 46. e7 g3+ 47. Kf3 Rb3+ 48. Ke2 {Accuracy: White = 82%, Black = 45%.} 1-0